History Quiz

Random History Quiz

HCHS Works of Peter Paul Rubens Quiz Stats

 Plays Quiz not verified by Sporcle

Challenge
Share
Tweet
Score 0/32 Timer 10:00
0 Plays Today
% Correct
The Hippopotamus and Crocodile Hunt
93.5%
The Honeysuckle Bower
93.5%
Descent from the Cross
83.9%
Lion Hunt
80.6%
The Tiger, Leopard and Lion Hunt
77.4%
The Fall of Phaeton
74.2%
The Massacre of the Innocents
74.2%
Head of Medusa
74.2%
Battle of the Amazons
71%
Portrait of Anna of Austria
67.7%
Portrait of the Artist
64.5%
Madonna in Floral Wreath
61.3%
Portrait of King Philip IV of Spain
61.3%
The Flight from Blois
61.3%
The Rainbow Landscape
58.1%
Portrait of a Young Scholar
54.8%
% Correct
Family of Jan Brueghel the Elder
51.6%
Raising of the Cross (Elevation of the Cross)
48.4%
The Garden of Love
48.4%
Assumption of the Virgin Mary
38.7%
The Feast of Herodes
35.5%
The Descent from the Cross
33.3%
The Defeat of Sennacherib
32.3%
Flemish Kermis
32.3%
The Battle of Anghiari
29%
Stormy Landscape with Philemon and Baucis
29%
The Holy Family
29%
King Solomon
25.8%
The Virgin of the Immaculate Conception
22.6%
The Chateau Het Steen
16.1%
Helene Fourment
12.9%
Landscape with Hunt of Atalanta and Meleager
12.9%

You're not logged in!

Compare scores with friends on all Sporcle quizzes.
Join for Free
OR
Log In

You Might Also Like...

Show Comments

Extras

Created Jun 9, 2015ReportFavoriteNominate
Tags:paul, peter

Top Quizzes Today


Score Distribution

Your Account Isn't Verified!

In order to create a playlist on Sporcle, you need to verify the email address you used during registration. Go to your Sporcle Settings to finish the process.

Report this User

Report this user for behavior that violates our Community Guidelines.

Details: